Cities From Above - #2 - Statistics

General Stats
  • This quiz has been taken 1,098 times
  • The average score is 4 of 10
Answer Stats
Picture Answer % Correct
Paris
87%
San Francisco / Oakland
87%
Tokyo
64%
Lisbon
42%
Baghdad
29%
Bogota
28%
Valletta
26%
Melbourne
24%
Lagos
20%
Havana
11%
No matching quizzes found
Score Distribution
Percent of People with Each Score
Percentile by Number Answered
Your Score History
You have not taken this quiz